| 000 | 01035nam a2200229Ia 4500 | ||
|---|---|---|---|
| 008 | 0000001988 ck a 0000000000spa00 | ||
| 090 | _aPSP00 B15p | ||
| 110 | 1 | _aBanco de la República. Bogotá | |
| 245 | 1 | 0 |
_aPresencia de Zurbarán _c/ Banco de la República ; curaduría y montaje Nydia Gutiérrez ; fotografías Julio César Flórez ... [et al.] |
| 300 |
_a83 p. _c/ 28 cm. |
||
| 500 | _aExposición realizada en la Biblioteca Luis Angel Arango, Bogotá, MarzoMayo, 1988 \ Con el patronazgo del maestro venezolano Jesús Rafael Soto (q.e.p.d.) \ Donación Cecilia Mejía, 2009 | ||
| 600 | 0 | 0 |
_aZURBARAN, FRANCISCO DE, 15981664/ _xTRABAJOS PICTORICOS |
| 650 | 1 | 4 | _aARTE ESPAÑOL |
| 650 | 1 | 4 | _xCATALOGOS |
| 650 | 1 | 4 | _xEXPOSICIONES |
| 650 | 1 | 4 | _aPINTORES ESPAÑOLES |
| 650 | 1 | 4 | _aPINTURA ESPAÑOLA |
| 650 | 1 | 4 | _aPINTURA RELIGIOSA ESPAÑOLA |
| 650 | 1 | 4 | _aSIGLO XVII |
| 700 | 1 | _aGutiérrez, Nydia \ Flórez, Julio César | |
| 999 |
_c4956 _d4956 |
||
| 260 |
_aBogotá : Banco de la República. Biblioteca Luis Angel Arango _c1988 |
||